|
|
|
|
| LEADER |
00000naa0a2200000 4500 |
| 001 |
653550 |
| 005 |
20250904092728.0 |
| 035 |
|
|
|a (RuTPU)RU\TPU\network\19022
|
| 035 |
|
|
|a RU\TPU\network\19021
|
| 090 |
|
|
|a 653550
|
| 100 |
|
|
|a 20170314d2016 k||y0rusy50 ca
|
| 101 |
0 |
|
|a rus
|
| 102 |
|
|
|a RU
|
| 135 |
|
|
|a drcn ---uucaa
|
| 181 |
|
0 |
|a i
|
| 182 |
|
0 |
|a b
|
| 200 |
1 |
|
|a Современные изменения элементов климата на территории севера Западной Сибири
|f Ю. А. Моисеева
|
| 203 |
|
|
|a Текст
|c электронный
|
| 225 |
1 |
|
|a Экология и природопользование; инженерная геология и гидрогеология
|
| 300 |
|
|
|a Заглавие с экрана
|
| 320 |
|
|
|a [Библиогр.: с. 117 (6 назв.)]
|
| 463 |
|
1 |
|t Современные исследования в геологии
|o Всероссийская научно-практическая молодежная конференция, 25-27 марта 2016 г. : сборник тезисов
|f Санкт-Петербургский государственный университет (СПбГУ)
|v [С. 116-117]
|d 2016
|
| 610 |
1 |
|
|a электронный ресурс
|
| 610 |
1 |
|
|a труды учёных ТПУ
|
| 610 |
1 |
|
|a климат
|
| 610 |
1 |
|
|a изменения
|
| 610 |
1 |
|
|a север
|
| 610 |
1 |
|
|a Западная Сибирь
|
| 700 |
|
1 |
|a Моисеева
|b Ю. А.
|c гидрогеолог
|c инженер Томского политехнического университета
|f 1993-
|g Юлия Александровна
|3 (RuTPU)RU\TPU\pers\38021
|
| 712 |
0 |
2 |
|a Национальный исследовательский Томский политехнический университет (ТПУ)
|b Институт природных ресурсов (ИПР)
|b Кафедра гидрогеологии, инженерной геологии и гидрогеоэкологии (ГИГЭ)
|b Научно-образовательный центр "Вода" (НОЦ "ВОДА")
|b Проблемная научно-исследовательская лаборатория гидрогеохимии (ПНИЛ ГГХ)
|3 (RuTPU)RU\TPU\col\19129
|
| 801 |
|
1 |
|a RU
|b 63413507
|c 20141010
|
| 801 |
|
2 |
|a RU
|b 63413507
|c 20170314
|g RCR
|
| 856 |
4 |
|
|u http://earth.spbu.ru/netcat_files/userfiles/news/2016spring/Tezisy_SNO_2016.pdf#page=116
|
| 942 |
|
|
|c CF
|